[Event "World Rapid 2017"]
[Site "Riyadh KSA"]
[Date "2017.12.26"]
[Round "4.41"]
[White "Amin, Bassem"]
[Black "Sanal, Vahap"]
[Result "1-0"]
[WhiteTitle "GM"]
[BlackTitle "GM"]
[WhiteElo "2689"]
[BlackElo "2551"]
[WhiteFideId "10601457"]
[BlackFideId "6300545"]
[EventDate "2017.12.26"]

1. Nf3 Nf6 2. g3 e6 3. Bg2 b6 4. O-O Bb7 5. d3 d5 6. Nbd2 Be7 7. e4 O-O 8. e5
Nfd7 9. Re1 a5 10. h4 Nc6 11. Nf1 a4 12. a3 Na5 13. N1h2 c5 14. Bf4 b5 15. Ng5
Qb6 16. Qh5 h6 17. Ng4 hxg5 18. hxg5 Rfc8 19. Bf3 Nf8 20. Kg2 Ng6 21. Rh1 Bd8
22. Nf6+ Kf8 23. Qh8+ Nxh8 24. Rxh8+ Ke7 25. Re8# 1-0

[Event "World Rapid 2017"]
[Site "Riyadh KSA"]
[Date "2017.12.26"]
[Round "4.42"]
[White "Van Foreest, Jorden"]
[Black "Kokarev, Dmitry"]
[Result "1-0"]
[WhiteTitle "GM"]
[BlackTitle "GM"]
[WhiteElo "2629"]
[BlackElo "2615"]
[WhiteFideId "1039784"]
[BlackFideId "4132181"]
[EventDate "2017.12.26"]

1. e4 c5 2. Nf3 d6 3. d4 cxd4 4. Nxd4 Nf6 5. Nc3 a6 6. Be2 e5 7. Nf3 Be7 8. Bg5
Be6 9. Bxf6 Bxf6 10. O-O Be7 11. Nd5 Nd7 12. Bc4 Rc8 13. Qe2 b5 14. Bb3 Nc5 15.
Rfd1 O-O 16. a4 bxa4 17. Bxa4 f5 18. exf5 Bxf5 19. Ne3 Qb6 20. Nxf5 Rxf5 21.
Qc4+ Kh8 22. b4 e4 23. bxc5 exf3 24. Qe6 Qxc5 25. Qxe7 Re5 26. Qf7 Rf5 27. Qe6
Re5 28. Qg4 Rf8 29. Rd3 Qa5 30. c3 h6 31. Rb1 h5 32. Qb4 Qxb4 33. cxb4 Re4 34.
Bc6 1-0

[Event "World Rapid 2017"]
[Site "Riyadh KSA"]
[Date "2017.12.26"]
[Round "4.44"]
[White "Christiansen, Johan-Sebastian"]
[Black "Aronian, Levon"]
[Result "0-1"]
[WhiteTitle "IM"]
[BlackTitle "GM"]
[WhiteElo "2495"]
[BlackElo "2805"]
[WhiteFideId "1512668"]
[BlackFideId "13300474"]
[EventDate "2017.12.26"]

1. e4 g6 2. d4 Bg7 3. Nc3 c6 4. Be3 d5 5. Qd2 dxe4 6. Nxe4 Nd7 7. O-O-O Ngf6 8.
Ng3 Nb6 9. Bh6 Bxh6 10. Qxh6 Qd5 11. b3 Bg4 12. f3 Be6 13. Qd2 Qd6 14. c4 Qc7
15. N1e2 a5 16. Qf4 O-O-O 17. Qg5 a4 18. Nf4 h6 19. Nxe6 hxg5 20. Nxc7 Kxc7 21.
Be2 Nbd7 22. h3 Nf8 23. Ne4 Ne6 24. Nxf6 exf6 25. d5 Nf4 26. Bf1 axb3 27. axb3
cxd5 28. g3 Nh5 29. Rg1 Rhe8 30. cxd5 Re3 31. Bc4 Rxf3 32. Rge1 Kd6 33. g4 Nf4
34. Re4 Rxh3 35. Rde1 b5 36. Bxb5 Rxb3 37. Bc6 Nd3+ 38. Kc2 Nxe1+ 39. Kxb3 Nd3
40. Kc3 Ne5 41. Bb5 Rc8+ 42. Kd4 0-1

[Event "World Rapid 2017"]
[Site "Riyadh KSA"]
[Date "2017.12.26"]
[Round "4.45"]
[White "Karjakin, Sergey"]
[Black "El Adnani, Mokliss"]
[Result "1-0"]
[WhiteTitle "GM"]
[BlackTitle "IM"]
[WhiteElo "2760"]
[BlackElo "2448"]
[WhiteFideId "14109603"]
[BlackFideId "9000410"]
[EventDate "2017.12.26"]

1. e4 c5 2. Nf3 d6 3. d4 cxd4 4. Nxd4 Nf6 5. Nc3 g6 6. Be3 Bg7 7. f3 Nc6 8. Qd2
Bd7 9. O-O-O h5 10. Bc4 Ne5 11. Bb3 Rc8 12. Kb1 a6 13. Bg5 O-O 14. h3 Nc4 15.
Qd3 b5 16. g4 Rc5 17. Bc1 Qb6 18. g5 Nh7 19. Nd5 Qd8 20. h4 a5 21. Bxc4 bxc4 22.
Qa3 e6 23. Nc3 Qb6 24. Nde2 Rc6 25. Bf4 d5 26. exd5 Rcc8 27. Qd6 Qa7 28. Be5
Rfe8 29. Bxg7 Kxg7 30. dxe6 Bxe6 31. Nd4 Nf8 32. Ndb5 Qb8 33. Qd4+ Kg8 34. Ne4
Nh7 35. Ned6 Red8 36. Qe5 Rc6 37. Rd4 Qb6 38. a4 Rc5 39. Qf4 c3 40. Rhd1 Rb8 41.
Ne4 Rf5 42. Qxb8+ Qxb8 43. Rd8+ Qxd8 44. Rxd8+ Kg7 45. Nbd6 Rd5 46. Nxc3 Re5 47.
Ne8+ Kf8 48. Nf6+ 1-0

[Event "World Rapid 2017"]
[Site "Riyadh KSA"]
[Date "2017.12.26"]
[Round "4.46"]
[White "Khader, Sami"]
[Black "Le, Quang Liem"]
[Result "0-1"]
[WhiteTitle "IM"]
[BlackTitle "GM"]
[WhiteElo "2392"]
[BlackElo "2737"]
[WhiteFideId "8100500"]
[BlackFideId "12401137"]
[EventDate "2017.12.26"]

1. e4 c5 2. Nf3 e6 3. c3 d5 4. exd5 Qxd5 5. d4 Nf6 6. Be3 cxd4 7. cxd4 Nc6 8.
Nc3 Qd6 9. a3 Be7 10. Bd3 O-O 11. Qc2 Bd7 12. O-O Rac8 13. Rad1 h6 14. Rfe1 Nd5
15. Ne4 Qb8 16. Qe2 Rfd8 17. Bb1 Be8 18. Ng3 Bf8 19. Bc1 g6 20. h4 Bg7 21. h5 g5
22. Nxg5 Nxd4 23. Rxd4 Rxc1 24. Rxc1 Nf4 25. Qc2 Rxd4 26. Qh7+ Kf8 27. Nf3 Rd5
28. Qe4 Bc6 29. Qb4+ Qd6 30. Qxd6+ Rxd6 31. b4 Bb2 32. Re1 Bxa3 33. Be4 Bxb4 34.
Rb1 a5 35. Bxc6 Rxc6 36. Rd1 Ke7 37. Ne5 Rc7 38. Ng4 Rc5 39. Nxh6 Nxh5 40. Nxh5
Rxh5 41. Ng8+ Kf8 42. Nf6 Rf5 43. Ne4 Ke7 44. Kf1 Rd5 45. Rb1 b5 46. g4 Rd4 47.
f3 a4 48. Ke2 f5 49. gxf5 exf5 50. Ng3 Ke6 51. Ke3 Ke5 52. Ne2 f4+ 53. Kf2 Rc4
54. Nc1 Kd4 55. Ne2+ Kc5 56. Rh1 a3 57. Kg2 Rc2 58. Rc1 Rxc1 59. Nxc1 Kc4 60.
Kh3 Bd2 0-1

[Event "World Rapid 2017"]
[Site "Riyadh KSA"]
[Date "2017.12.26"]
[Round "4.47"]
[White "Guseinov, Gadir"]
[Black "Tissir, Mohamed"]
[Result "1-0"]
[WhiteTitle "GM"]
[BlackTitle "IM"]
[WhiteElo "2646"]
[BlackElo "2381"]
[WhiteFideId "13401378"]
[BlackFideId "9000240"]
[EventDate "2017.12.26"]

1. e4 c5 2. Nc3 Nc6 3. Bb5 a6 4. Bxc6 dxc6 5. Nf3 Qc7 6. d3 e5 7. h3 Ne7 8. Be3
Ng6 9. O-O Be7 10. Na4 b6 11. b4 cxb4 12. Nxb6 Rb8 13. Nxc8 Qxc8 14. Nd2 O-O 15.
Nc4 f5 16. exf5 Qxf5 17. Qg4 Qf7 18. g3 Qd5 19. Rae1 Rf7 20. h4 Bf6 21. h5 Nf8
22. Bg5 Qe6 23. Qxe6 Nxe6 24. Be3 c5 25. Kg2 a5 26. Nxa5 Ra8 27. Nb3 Rc7 28. f4
exf4 29. Bxf4 Nxf4+ 30. Rxf4 Rxa2 31. Rc4 Bc3 32. Re2 h6 33. d4 Kf7 34. dxc5 Re7
35. Rf2+ Ke8 36. c6 Kd8 37. Nc5 Kc7 38. Nd3 Re6 39. Rf7+ Kc8 40. c7 Rxc2+ 41.
Kh3 Re8 42. Nxb4 1-0

[Event "World Rapid 2017"]
[Site "Riyadh KSA"]
[Date "2017.12.26"]
[Round "4.48"]
[White "Nguyen, Ngoc Truong Son"]
[Black "Saeed, Ishaq"]
[Result "1-0"]
[WhiteTitle "GM"]
[BlackTitle "FM"]
[WhiteElo "2630"]
[BlackElo "2434"]
[WhiteFideId "12401110"]
[BlackFideId "9301453"]
[EventDate "2017.12.26"]

1. d4 Nf6 2. Nf3 e6 3. c4 b6 4. g3 Bb7 5. Bg2 Be7 6. O-O O-O 7. Nc3 Ne4 8. Bd2
f5 9. Qc2 Nxc3 10. Bxc3 Be4 11. Qd2 a5 12. Rfd1 Na6 13. Ne5 Bxg2 14. Kxg2 Bf6
15. Nd3 Qc8 16. d5 Nc5 17. Nxc5 Bxc3 18. bxc3 bxc5 19. dxe6 dxe6 20. Qd7 Qa6 21.
Qb5 Qxb5 22. cxb5 Rfd8 23. Kf1 Kf7 24. Ke1 Ke7 25. Rab1 g5 26. c4 h5 27. Rb3 h4
28. Rxd8 Rxd8 29. Ra3 Rd4 30. Rc3 f4 31. e3 fxe3 32. fxe3 Rd8 33. Ra3 Ra8 34.
Ke2 Kf6 35. Kf3 Kf5 36. gxh4 gxh4 37. Rd3 Ke5 38. Rd7 Rf8+ 39. Ke2 Rg8 40. Kf3
h3 41. Rxc7 Rg2 42. Rxc5+ Kd6 43. Rh5 Rxh2 44. c5+ Kc7 45. Rh7+ Kc8 46. c6 Rb2
47. a4 h2 48. Kg3 Rb4 49. Kxh2 e5 50. Kg3 Rb1 51. Kf3 Rb4 52. Ra7 Kb8 53. Rxa5
Rb1 54. Ra6 Kc7 55. Ra7+ Kb8 56. Rb7+ Ka8 57. Re7 Rb4 58. Re8+ Ka7 59. c7 1-0

[Event "World Rapid 2017"]
[Site "Riyadh KSA"]
[Date "2017.12.26"]
[Round "4.49"]
[White "Potkin, Vladimir"]
[Black "Lodhi, Mahmood"]
[Result "1/2-1/2"]
[WhiteTitle "GM"]
[BlackTitle "IM"]
[WhiteElo "2574"]
[BlackElo "2347"]
[WhiteFideId "4131061"]
[BlackFideId "7800010"]
[EventDate "2017.12.26"]

1. c4 e5 2. Nc3 g6 3. d4 exd4 4. Qxd4 Qf6 5. Qe3+ Qe6 6. Nd5 Na6 7. Qd4 f6 8. g3
c6 9. Nf4 Qe5 10. Nf3 Bb4+ 11. Bd2 Qxd4 12. Nxd4 Bxd2+ 13. Kxd2 Ne7 14. Bg2 Nc5
15. b4 Ne6 16. e3 a5 17. b5 Kf7 18. Rhd1 Nxd4 19. exd4 d6 20. Rab1 Bf5 21. bxc6
bxc6 22. Rb7 Rab8 23. Rxb8 Rxb8 24. Kc3 g5 25. Nd3 Bxd3 26. Rxd3 d5 27. Rd2 Rb4
28. Bf1 dxc4 29. Bxc4+ Nd5+ 30. Kd3 Ke7 31. Re2+ Kd7 32. Rc2 Kd6 33. Ke4 Ne7 34.
Kd3 Nd5 35. Re2 Rb1 36. Bb3 Rh1 37. Re8 Rxh2 38. Ke2 h5 39. Rd8+ Ke7 40. Rc8 Kd7
41. Ra8 h4 42. gxh4 Rxh4 43. Rxa5 Rxd4 44. Ra7+ Kd6 45. Rf7 Re4+ 46. Kf1 Rf4 47.
a4 Rb4 48. Bxd5 Kxd5 49. Rxf6 g4 50. a5 Ra4 51. Ke2 Kc5 52. Rf5+ Kb4 53. Rg5
Rxa5 54. Rxg4+ Kc3 55. Rg3+ Kb2 56. Kd3 Rf5 57. f3 c5 58. Kc4 Kc2 59. Rg2+ Kd1
60. f4 Rxf4+ 61. Kxc5 1/2-1/2

[Event "World Rapid 2017"]
[Site "Riyadh KSA"]
[Date "2017.12.26"]
[Round "4.50"]
[White "Vallejo Pons, Francisco"]
[Black "Minko, Vladimir"]
[Result "0-1"]
[WhiteTitle "GM"]
[BlackTitle "IM"]
[WhiteElo "2707"]
[BlackElo "2381"]
[WhiteFideId "2205530"]
[BlackFideId "24146706"]
[EventDate "2017.12.26"]

1. e4 c5 2. Nf3 Nc6 3. d4 cxd4 4. Nxd4 Qb6 5. Nb3 Nf6 6. Nc3 e6 7. Qe2 Bb4 8.
Bd2 a5 9. a3 Bxc3 10. Bxc3 e5 11. O-O-O O-O 12. f3 Rd8 13. Qb5 Qc7 14. Nc5 b6
15. Na4 Rb8 16. Kb1 d6 17. Be1 Nd4 18. Qd3 b5 19. Nc3 b4 20. axb4 axb4 21. Ne2
Ba6 22. Qd2 Bxe2 23. Bxe2 Qa5 24. Qe3 Ra8 25. Kc1 Qa1+ 26. Kd2 Qxb2 27. Bd3 Qc3+ 0-1

[Event "World Rapid 2017"]
[Site "Riyadh KSA"]
[Date "2017.12.26"]
[Round "4.51"]
[White "Howell, David W L"]
[Black "Amer, Said Salim Al Maashani"]
[Result "1-0"]
[WhiteTitle "GM"]
[BlackTitle "FM"]
[WhiteElo "2676"]
[BlackElo "2103"]
[WhiteFideId "410608"]
[BlackFideId "22000100"]
[EventDate "2017.12.26"]

1. c4 Nf6 2. Nc3 c5 3. Nf3 g6 4. g3 Bg7 5. Bg2 Nc6 6. d4 cxd4 7. Nxd4 O-O 8. O-O
Qb6 9. Nc2 d6 10. b3 Bf5 11. Ne3 Be6 12. Bb2 Rfd8 13. Rc1 Rac8 14. Qd2 Bh6 15.
Ncd1 Ng4 16. Qc3 f6 17. Nd5 Bxd5 18. Bxd5+ Kg7 19. Ra1 Rc7 20. Bg2 d5 21. Bxd5
Nb4 22. Bg2 Ne5 23. Ba3 Bd2 24. Qb2 a5 25. Nc3 Qd4 26. Nb5 Qxb2 27. Bxb2 Rcd7
28. Rfd1 Nbc6 29. Bh3 f5 30. Kf1 Kf7 31. e3 Bb4 32. Rxd7 Rxd7 33. Bg2 Rd2 34.
Bc3 Bxc3 35. Nxc3 Ng4 36. Nd1 Nce5 37. Bxb7 Nd3 38. Kg1 Ngxf2 39. Nxf2 Nxf2 40.
c5 Ke6 41. Bg2 Rd1+ 42. Rxd1 Nxd1 43. e4 fxe4 44. a3 e3 45. Kf1 Nc3 46. b4 axb4
47. axb4 Kd7 48. Bb7 Kc7 49. Ba6 Kc6 50. Bc4 e5 51. h4 h6 52. Ke1 g5 53. hxg5
hxg5 54. Kf1 g4 55. Be6 Ne4 56. Ke2 Nxg3+ 57. Kxe3 Nf1+ 58. Ke2 Ng3+ 59. Kd3 Nh5
60. Bxg4 Nf6 61. Be2 Kd5 62. Kc3 Nd7 63. Bf3+ e4 64. Bxe4+ Kxe4 65. Kc4 Ke5 66.
c6 Nb6+ 67. Kc5 Nc8 68. b5 Ke6 69. b6 Nd6 1-0

[Event "World Rapid 2017"]
[Site "Riyadh KSA"]
[Date "2017.12.26"]
[Round "4.52"]
[White "Lam, Daniel King-wai"]
[Black "Akobian, Varuzhan"]
[Result "0-1"]
[WhiteTitle "FM"]
[BlackTitle "GM"]
[WhiteElo "2222"]
[BlackElo "2647"]
[WhiteFideId "6001238"]
[BlackFideId "13300580"]
[EventDate "2017.12.26"]

1. d4 Nf6 2. c4 b6 3. f3 Nc6 4. Nc3 e5 5. d5 Ne7 6. e4 Ng6 7. Be3 Bc5 8. Bxc5
bxc5 9. g3 d6 10. Bh3 Rb8 11. Bxc8 Qxc8 12. b3 O-O 13. h4 h5 14. Nh3 Nh7 15. Ng5
Ne7 16. Nxh7 Kxh7 17. f4 g6 18. f5 Ng8 19. g4 hxg4 20. Qxg4 gxf5 21. Qg5 Nh6 22.
O-O-O Rg8 23. Qe7 f4 24. Rdg1 Rxg1+ 25. Rxg1 Qd8 26. Qxd8 Rxd8 27. Nb5 Rc8 28.
Nxa7 Ra8 29. Nb5 Rxa2 30. Nxc7 Ra1+ 0-1

[Event "World Rapid 2017"]
[Site "Riyadh KSA"]
[Date "2017.12.26"]
[Round "4.53"]
[White "Ganguly, Surya Shekhar"]
[Black "Al Ghamdi, Ahmed M"]
[Result "1/2-1/2"]
[WhiteTitle "GM"]
[BlackTitle "CM"]
[WhiteElo "2650"]
[BlackElo "2159"]
[WhiteFideId "5002150"]
[BlackFideId "21500150"]
[EventDate "2017.12.26"]

1. e4 e5 2. Nf3 Nc6 3. Bc4 Nf6 4. d3 Be7 5. O-O d6 6. a4 O-O 7. Re1 Kh8 8. Nc3
Bg4 9. h3 Bh5 10. Nd5 Nxd5 11. Bxd5 Nd4 12. g4 Nxf3+ 13. Qxf3 c6 14. gxh5 cxd5
15. exd5 f5 16. Kh1 Rc8 17. c4 Qd7 18. Rg1 Rf7 19. Bd2 e4 20. Qf4 Bf6 21. h6
Bxb2 22. hxg7+ Kg8 23. Ra2 Be5 24. Qh4 exd3 25. Bh6 f4 26. f3 Rxc4 27. Rag2 Rc2
28. Rg4 Bf6 29. Qh5 d2 30. Bxf4 Bxg7 31. Bh6 Rc1 32. Rxc1 dxc1=Q+ 33. Bxc1 Qf5
34. Qxf5 Rxf5 35. Bb2 Rf7 36. Kg2 Kf8 37. Ba3 Rd7 38. Rf4+ Kg8 39. Re4 Bf8 40.
Re6 Rg7+ 41. Kf2 Rg6 42. Bb2 Rg5 43. f4 Rxd5 44. Kf3 Kf7 45. Rf6+ Ke8 46. Re6+
Kf7 47. Rf6+ Ke8 48. Re6+ 1/2-1/2

[Event "World Rapid 2017"]
[Site "Riyadh KSA"]
[Date "2017.12.26"]
[Round "4.54"]
[White "Andriasian, Zaven"]
[Black "Al Habeeb, Emad"]
[Result "1-0"]
[WhiteTitle "GM"]
[WhiteElo "2585"]
[BlackElo "1933"]
[WhiteFideId "13302000"]
[BlackFideId "21500029"]
[EventDate "2017.12.26"]

1. e4 d6 2. d4 c6 3. Nc3 Nf6 4. f4 Qc7 5. Nf3 Bg4 6. e5 Nfd7 7. h3 Bxf3 8. Qxf3
e6 9. Bd3 Be7 10. Be3 d5 11. f5 Bh4+ 12. g3 Be7 13. fxe6 fxe6 14. O-O Rf8 15.
Qh5+ Kd8 16. Qxh7 Qb6 17. Qxg7 Re8 18. Bg6 Rf8 19. Ne2 c5 20. Rad1 c4 21. Nf4
Na6 22. Bf7 Nc7 23. Ng6 1-0

[Event "World Rapid 2017"]
[Site "Riyadh KSA"]
[Date "2017.12.26"]
[Round "4.55"]
[White "Zhao, Jun"]
[Black "Alanazy, Mohammed"]
[Result "1-0"]
[WhiteTitle "GM"]
[WhiteElo "2604"]
[BlackElo "1850"]
[WhiteFideId "8602522"]
[BlackFideId "21508488"]
[EventDate "2017.12.26"]

1. e4 e5 2. Nf3 Nc6 3. Bb5 d6 4. O-O Bg4 5. h3 Bh5 6. c3 a6 7. Ba4 b5 8. Bc2 Be7
9. d3 Bxf3 10. Qxf3 Bg5 11. Bb3 Nh6 12. Bd5 O-O 13. Bxc6 Bxc1 14. Rxc1 Rb8 15.
Nd2 f5 16. exf5 Nxf5 17. Be4 Qg5 18. Bxf5 Rxf5 19. Qe3 Qf6 20. Ne4 Qe7 21. Ng3
Rf6 22. d4 Rbf8 23. Rc2 Re6 24. Re1 h6 25. Rce2 Re8 26. Qd2 Qf6 27. dxe5 dxe5
28. Ne4 Qh4 29. Re3 Rd8 30. Qe2 Rf8 31. Qg4 Qe7 32. b4 Qe8 33. Nc5 Rg6 34. Qe2
Qc6 35. Rg3 Re8 36. Rxg6 Qxg6 37. Qe4 Qf7 38. Re2 Kh8 39. Nd3 Qh5 40. Nxe5 Rd8
41. Kh2 Kg8 42. f4 Qh4 43. Nf3 Qh5 44. Qe6+ Kh8 45. Re5 1-0

[Event "World Rapid 2017"]
[Site "Riyadh KSA"]
[Date "2017.12.26"]
[Round "4.56"]
[White "Al-Hajiri, Bader"]
[Black "Sethuraman, S.P."]
[Result "0-1"]
[WhiteTitle "FM"]
[BlackTitle "GM"]
[WhiteElo "2165"]
[BlackElo "2646"]
[WhiteFideId "10300163"]
[BlackFideId "5021596"]
[EventDate "2017.12.26"]

1. e4 c5 2. Nf3 e6 3. d4 cxd4 4. Nxd4 Nc6 5. Nc3 Qc7 6. Be3 a6 7. Be2 b5 8. O-O
Bb7 9. Re1 Nf6 10. Bf3 Ne5 11. Bf4 d6 12. Bg3 Be7 13. Qe2 O-O 14. Rad1 Rac8 15.
a4 b4 16. Na2 Qb6 17. c3 Nxf3+ 18. gxf3 bxc3 19. Nxc3 d5 20. e5 Nd7 21. f4 Rc4
22. Nc2 Qxb2 23. Rb1 Qxc3 24. Rxb7 Qxc2 25. Qxc2 Rxc2 26. Rxd7 Bb4 27. Rb1 a5
28. f5 Rfc8 29. Rb3 R2c7 30. fxe6 fxe6 31. Rxc7 Rxc7 32. Kg2 Kf7 33. Kh3 Kg6 34.
Rf3 Rc3 35. Rf4 Rc4 36. Rf3 Bc5 37. Rb3 Rxa4 38. Rb7 Rc4 39. f4 a4 40. Rd7 a3
41. f5+ Kxf5 42. Rxg7 a2 43. Rf7+ Ke4 44. Rf1 Bd4 0-1

[Event "World Rapid 2017"]
[Site "Riyadh KSA"]
[Date "2017.12.26"]
[Round "4.57"]
[White "Al Jabri, Mohammed Ali"]
[Black "Dervishi, Erald"]
[Result "0-1"]
[BlackTitle "GM"]
[WhiteElo "2154"]
[BlackElo "2552"]
[WhiteFideId "7604734"]
[BlackFideId "4700236"]
[EventDate "2017.12.26"]

1. e4 e5 2. Nf3 Nc6 3. Bc4 Nf6 4. d3 Be7 5. c3 O-O 6. O-O d5 7. exd5 Nxd5 8. Re1
Bg4 9. h3 Bh5 10. Nbd2 a6 11. Ne4 Re8 12. Ng3 Bg6 13. Nxe5 Nxe5 14. Rxe5 Nb6 15.
Qf3 Nxc4 16. dxc4 c6 17. Bf4 Bf8 18. Rxe8 Qxe8 19. Rd1 Rd8 20. Be3 h6 21. Bd4
Qe6 22. b3 Re8 23. Qg4 f5 24. Qf3 Bd6 25. Be3 Bh7 26. Bf4 Be7 27. Qe3 Qf7 28.
Qd2 g5 29. Be5 f4 30. Nf1 Bf5 31. Re1 Bf8 32. Bd4 Rd8 33. Qe2 c5 34. Be5 Re8 35.
Qd2 Re7 36. Nh2 Rd7 37. Qe2 h5 38. Nf3 Bd3 39. Qb2 g4 40. Ng5 Qf5 41. h4 f3 42.
gxf3 gxf3 43. Bg3 Be2 44. Qb1 Qxb1 45. Rxb1 Rd2 46. a3 Rd3 47. Rc1 Rd2 48. Ne4
Ra2 49. Nf6+ Kf7 50. Nxh5 Rxa3 51. Rb1 Bd3 52. Rb2 Bf5 53. Kh2 a5 54. Nf4 Bg7
55. Nd5 Be6 56. Bf4 b5 57. Rb1 Bf5 58. Re1 Rxb3 59. Re7+ Kg8 60. Rc7 Be6 61.
Rxc5 bxc4 62. Rxa5 Bxd5 63. Rxd5 Rxc3 64. Kg3 Kf7 65. h5 Rb3 66. Rd7+ Kg8 67. h6
Bb2 68. Rc7 Rb4 69. Kxf3 Bf6 70. Rc6 Bd4 71. Rc7 c3 72. Bg5 Be5 73. Ke2 Bxc7 0-1

[Event "World Rapid 2017"]
[Site "Riyadh KSA"]
[Date "2017.12.26"]
[Round "4.58"]
[White "Tregubov, Pavel V."]
[Black "Al Saidi, Mohammed Khalfan"]
[Result "1-0"]
[WhiteTitle "GM"]
[WhiteElo "2575"]
[BlackElo "1468"]
[WhiteFideId "4115341"]
[BlackFideId "22001271"]
[EventDate "2017.12.26"]

1. d4 Nf6 2. c4 g6 3. Nc3 Bg7 4. e4 d6 5. Bg5 O-O 6. Qd2 Nc6 7. d5 Ne5 8. f4
Ned7 9. Bd3 a5 10. Nf3 Nc5 11. Bc2 c6 12. O-O Bg4 13. h3 Bxf3 14. Rxf3 Qb6 15.
Kh1 Qc7 16. Re1 Rab8 17. e5 Ne8 18. exd6 exd6 19. Be7 f5 20. Bxf8 Bxf8 21. a3
Nf6 22. b4 axb4 23. axb4 Na6 24. dxc6 bxc6 25. b5 Nc5 26. Rfe3 Ra8 27. Qd4 Kf7
28. bxc6 Qxc6 29. Nd5 Nxd5 30. cxd5 Qd7 31. Qh8 h6 32. Qh7+ Kf6 33. Re6+ 1-0

[Event "World Rapid 2017"]
[Site "Riyadh KSA"]
[Date "2017.12.26"]
[Round "4.59"]
[White "Jumabayev, Rinat"]
[Black "Anton Guijarro, David"]
[Result "1/2-1/2"]
[WhiteTitle "GM"]
[BlackTitle "GM"]
[WhiteElo "2612"]
[BlackElo "2666"]
[WhiteFideId "13702661"]
[BlackFideId "2285525"]
[EventDate "2017.12.26"]

1. Nf3 Nf6 2. g3 b6 3. Bg2 Bb7 4. O-O e6 5. c4 Be7 6. d4 O-O 7. Re1 d5 8. cxd5
exd5 9. Nc3 Nbd7 10. Bf4 c5 11. dxc5 Nxc5 12. Rc1 Nfe4 13. Nb5 Ne6 14. Be5 Bc5
15. e3 Re8 16. a3 a5 17. h4 h6 18. Nd2 Nxd2 19. Qxd2 Qd7 20. Nd4 Nf8 21. b4 axb4
22. axb4 Rxe5 23. bxc5 bxc5 24. Rxc5 Ne6 25. Nxe6 Qxe6 26. Qb2 Ba6 27. Rec1 Bd3
28. Rc6 Qe8 29. Qb7 Rb8 30. Qa7 Be4 31. Bh3 Re7 32. Qd4 Reb7 33. f3 Rb1 34. Rc3
Rxc1+ 35. Rxc1 Bxf3 36. Qf4 Be4 37. Qxb8 Qxb8 38. Rc8+ Qxc8 39. Bxc8 Kf8 40. Kf2
Ke7 41. Ba6 Kd6 42. Bb5 Ke5 43. Be8 f6 44. Ke2 Bf5 45. Kf3 Bc8 46. Bg6 Bf5 47.
Be8 g5 48. Bf7 Bd7 49. Bg6 Ba4 50. Kf2 Bd1 51. Bf7 Ba4 52. Bg6 f5 53. hxg5 hxg5
54. Bh5 g4 55. Bf7 Bc6 56. Ke2 Ke4 57. Kf2 Ke5 58. Ke2 Kf6 59. Bg8 Bb5+ 60. Kf2
Bc4 61. Ke1 Ke5 62. Kf2 Kf6 63. Ke1 Ke5 64. Kf2 1/2-1/2

[Event "World Rapid 2017"]
[Site "Riyadh KSA"]
[Date "2017.12.26"]
[Round "4.60"]
[White "Al-Saffar, Araz Basim Mohammed S"]
[Black "Short, Nigel D"]
[Result "0-1"]
[WhiteTitle "IM"]
[BlackTitle "GM"]
[WhiteElo "2368"]
[BlackElo "2678"]
[WhiteFideId "4801040"]
[BlackFideId "400025"]
[EventDate "2017.12.26"]

1. d4 e6 2. c4 b6 3. e4 Bb7 4. Bd3 Bb4+ 5. Bd2 Bxd2+ 6. Nxd2 Nc6 7. Ne2 d6 8.
O-O Qf6 9. Nf3 O-O-O 10. Qd2 h6 11. b4 g5 12. d5 Nce7 13. Nfd4 c5 14. dxc6 Nxc6
15. Nxc6 Bxc6 16. a4 Ne7 17. a5 Kd7 18. axb6 axb6 19. Qe3 Nc8 20. Nd4 Qf4 21.
Qe2 Bb7 22. Rad1 Ke7 23. g3 Qe5 24. Qe3 Rd7 25. f4 gxf4 26. Rxf4 Kd8 27. Rdf1
Rh7 28. Nf3 Qc3 29. b5 Kc7 30. e5 Rg7 31. Rd4 Bxf3 32. Rxf3 Rg5 33. exd6+ Nxd6
34. Rh4 Re5 35. Qxh6 Nf5 36. Rxf5 Rxf5 37. Bxf5 Qe1+ 38. Kg2 Rd2+ 39. Kh3 Qf1+ 0-1

[Event "World Rapid 2017"]
[Site "Riyadh KSA"]
[Date "2017.12.26"]
[Round "4.61"]
[White "Omar, Noaman"]
[Black "Miton, Kamil"]
[Result "1/2-1/2"]
[WhiteTitle "IM"]
[BlackTitle "GM"]
[WhiteElo "2364"]
[BlackElo "2584"]
[WhiteFideId "9300244"]
[BlackFideId "1111914"]
[EventDate "2017.12.26"]

1. d4 Nf6 2. c4 b6 3. Nc3 Bb7 4. Nf3 e6 5. a3 g6 6. Qc2 Bxf3 7. gxf3 Bg7 8. Bd2
Nc6 9. e3 Ne7 10. O-O-O c5 11. d5 O-O 12. f4 exd5 13. cxd5 a6 14. e4 d6 15. f5
b5 16. fxg6 fxg6 17. Bh3 b4 18. axb4 cxb4 19. Ne2 b3 20. Qd3 Qb6 21. Kb1 Nh5 22.
f4 a5 23. Bg4 Nf6 24. Be6+ Kh8 25. Bc3 a4 26. e5 Nh5 27. exd6 Qxd6 28. Bxg7+
Nxg7 29. Qd4 a3 30. Qe5 a2+ 31. Ka1 Qxe5 32. fxe5 Nxe6 33. dxe6 Nc6 34. Nd4 Nxd4
35. Rxd4 Rab8 36. h4 Rfe8 37. Rd6 Rb5 38. Re1 Rc8 39. e7 Rxe5 40. Rd8+ Kg7 41.
Red1 Rec5 42. e8=N+ Kh6 43. Rxc8 Rxc8 44. Nd6 Rc6 45. Nf7+ Kh5 46. Ne5 Re6 47.
Nf3 Re3 48. Nd4 Kxh4 49. Rh1+ Kg3 50. Nxb3 Rxb3 51. Rxh7 g5 52. Kxa2 Rb8 53. Rg7
g4 54. Ka3 Kf3 55. b4 g3 56. Ka4 Rf8 57. Ka5 g2 58. b5 Kf2 59. b6 1/2-1/2

[Event "World Rapid 2017"]
[Site "Riyadh KSA"]
[Date "2017.12.26"]
[Round "4.62"]
[White "Al Zamel, Khaled"]
[Black "Malakhatko, Vadim"]
[Result "0-1"]
[BlackTitle "GM"]
[WhiteElo "1942"]
[BlackElo "2542"]
[WhiteFideId "21500967"]
[BlackFideId "14104202"]
[EventDate "2017.12.26"]

1. e4 c5 2. d3 Nc6 3. Nd2 d5 4. Ngf3 Bg4 5. g3 e6 6. Bg2 Nf6 7. O-O Be7 8. Re1
O-O 9. c3 Qc7 10. Qa4 Bh5 11. e5 Nd7 12. d4 cxd4 13. cxd4 Nb4 14. Re3 Nb6 15.
Qb3 Rfc8 16. Rc3 Qd7 17. a3 Nc6 18. Rd3 Bg6 19. Re3 h6 20. Qd1 a5 21. Nf1 Nc4
22. Rc3 a4 23. Ne3 b5 24. Nxc4 bxc4 25. Be3 Rcb8 26. Qd2 Rb7 27. Ne1 Rab8 28.
Ra2 Bb1 29. Ra1 Rxb2 30. Qc1 Na5 31. g4 Bh7 32. Nc2 Rxc2 33. Rxc2 Nb3 34. Rb1
Rb5 35. Rxb3 axb3 36. Rb2 Bxa3 37. Qa1 Qa7 38. Bc1 Ra5 39. Re2 Bxc1 0-1

[Event "World Rapid 2017"]
[Site "Riyadh KSA"]
[Date "2017.12.26"]
[Round "4.63"]
[White "Al Omary, Ahmed"]
[Black "Alem, Ali Hussien"]
[Result "1-0"]
[WhiteElo "1875"]
[BlackElo "1745"]
[WhiteFideId "21500207"]
[BlackFideId "21500088"]
[EventDate "2017.12.26"]

1. d4 d5 2. c4 e6 3. Nc3 Nf6 4. Nf3 Be7 5. g3 Nbd7 6. Bg2 O-O 7. O-O b6 8. h3
Bb7 9. b3 c5 10. e3 Qc7 11. Nb5 Qd8 12. Bb2 a6 13. Nc3 Qc7 14. cxd5 Nxd5 15. Rc1
e5 16. Nxd5 Bxd5 17. dxc5 Qb7 18. c6 Bxc6 19. Rxc6 e4 20. Nd4 f5 21. Qc2 Rac8
22. Rc1 Rcd8 23. Ne6 Nc5 24. Nxd8 Rxd8 25. Qc4+ Kh8 26. Rxc5 Bxc5 27. b4 Bf8 28.
Bd4 h6 29. Qc6 Qf7 30. Qxh6+ Kg8 31. Qxb6 Qxa2 32. Qxd8 1-0